Psychology, rationality, and economic behaviour challenging standard assumptions (Registro nro. 66120)

Detalles MARC
000 -ENCABEZADO
Número de control [NR] 01247nam a2200277Ia 4500
008 - DE LONGITUD FIJA DE DATOS DE ELEMENTOS - INFORMACIÓN GENERAL
Elementos de longitud fija [NR] 130821s2005 enka gr eng
020 ## - NUMERO INTERNACIONAL NORMALIZADO PARA LIBROS [R]
Número Internacional Normalizado del libro [NR] 1403942536
020 ## - NUMERO INTERNACIONAL NORMALIZADO PARA LIBROS [R]
Número Internacional Normalizado del libro [NR] 9781403942531
040 ## - FUENTE DE CATALOGACION [NR]
Agencia de catalogación original [NR] Co-BoUCM
Idioma de catalogación [NR] spa
041 00 - CODIGO DE IDIOMA [R]
Código de idioma para texto/pista de sonido o título separado [R] Inglés
245 00 - MENCION DE TITULO [NR]
Título [NR] Psychology, rationality, and economic behaviour challenging standard assumptions
Mención de responsabilidad, etc. [NR] editado por Bina Agarwal y Alessandro Vercelli
246 13 - FORMA VARIANTE DEL TITULO [R]
Título propiamente dicho/forma breve del título [NR] Psychology, rationality, and economic behavior
260 ## - PUBLICACION, DISTRIBUCION, ETC. (PIE DE IMPRENTA) [R]
Lugar de publicación, distribución, etc. [R] Houndmills (Hampshire, Inglaterra)
Nombre del editor, distribuidor, etc. [R] Palgrave Macmillan in Association with International Economic Association
Fecha de publicación, distribución, etc. [R] 2005
300 ## - DESCRIPCION FISICA [R]
Extensión [R] xiii, 270 páginas
Otros detalles físicos [NR] ilustraciones
490 #0 - MENCION DE SERIE [R]
Mención de serie [R] IEA conference volume
Designación numérica/secuencial del volumen [NR] 142
504 ## - NOTA DE BIBLIOGRAFIA, ETC. [R]
Nota de bibliografía, etc. [NR]
650 04 - ASIENTO SECUNDARIO DE MATERIA - TERMINO TEMATICO [R]
Término temático o nombre geográfico como elemento de entrada [NR] Economía
9 (RLIN) 174
650 04 - ASIENTO SECUNDARIO DE MATERIA - TERMINO TEMATICO [R]
Término temático o nombre geográfico como elemento de entrada [NR] Economía
Subdivisión general [R] Aspectos psicológicos
9 (RLIN) 31456
650 04 - ASIENTO SECUNDARIO DE MATERIA - TERMINO TEMATICO [R]
Término temático o nombre geográfico como elemento de entrada [NR] Economía
Subdivisión general [R] Toma de decisiones
9 (RLIN) 174
700 1# - ASIENTO SECUNDARIO - NOMBRE PERSONAL [R]
Nombre personal [NR] Agarwal, Bina
Término de relación [R]
9 (RLIN) 166628
700 1# - ASIENTO SECUNDARIO - NOMBRE PERSONAL [R]
Nombre personal [NR] Vercelli, Alessandro
Término de relación [R]
9 (RLIN) 166629
711 2# - ASIENTO SECUNDARIO - NOMBRE DE REUNION [R]
Nombre de la reunión o nombre de la jurisdicción como elemento de entrada [NR] International Economic Association.
Number (BK CF MP MU SE VM MX) [OBSOLETE] World Congress
Número de la parte, sección o reunión [R] (13th
Fecha de la reunión o firma del tratado [R] 2002
Lugar de la reunión [NR] Lisbon, Portugal)
9 (RLIN) 166630
856 42 - LOCALIZACION Y ACCESO ELECTRONICOS [R]
Nota dirigida al público [R] Tabla de Contenido
Identificador Uniforme del Recurso (“URI”) [R] <a href="http://www.loc.gov/catdir/toc/fy0602/2005043139.html">http://www.loc.gov/catdir/toc/fy0602/2005043139.html</a>
942 ## - ELEMENTOS DE ENTRADA AGREGADOS (KOHA)
Tema principal Economía
Edición 1
Prefijo de la signatura top. (colección) Colección - Referencia
Parte restante de la signatura top. P974p
Tipo de ítem principal el descrito en 300a Libro
Sistema de clasificación DEWEY
Clasificación 330.019
Existencias
Fecha de último préstamo Total préstamos Signatura topográfica Código de barras Última vez visto Ejemplar Price effective from Tipo de ítem Perdido Sistema de clasificación Dañado No prestable Tipo de ítem específico Suprimido Ubicación habitual Ubicación actual Localización Fecha de creación Forma de adquisición Costo
11/10/2010   R 330.019 P974p 100109110 03/12/2025 Ej.1 03/02/2013 Libro   DEWEY     Libro   Claustro Claustro Mezanine 28/02/2010 Compra 245128.00